000 00547nam a2200181Ia 4500
008 090124s9999 xx 000 0 und d
082 _b22886
_a2497
100 _aखरे सुरेश.
245 _a मंतरलेली चैत्रवेल
250 _a1
260 _c1980
300 _a83
600 _aखरे सुरेश.
630 _a मंतरलेली चैत्रवेल
700 _aखरे सुरेश.
730 _a मंतरलेली चैत्रवेल
942 _cBOOK
999 _c136504
_d136504